| 000 | 00936nam0a22002771 4500 | ||
|---|---|---|---|
| 001 | rc\4907019 | ||
| 005 | 20130426153735.8 | ||
| 021 |
_aRU _b[65-69236] |
||
| 035 | _a(NLR Aleph) 008932520 | ||
| 090 |
_a8894043 _c8894043 |
||
| 100 | _a20130426d1965 |||y0rusy50 ca | ||
| 101 | 0 | _arus | |
| 102 | _aRU | ||
| 105 | _aa z ||||| | ||
| 200 | 1 | _aДо последнего старта | |
| 210 |
_aМосква _cВоениздат _d1965 |
||
| 215 |
_a208 с., 4 л. ил. _d21 |
||
| 225 | 1 | _aВоенные мемуары | |
| 300 | _aПеред загл. авт.: полк. А.Г. Федоров | ||
| 606 |
_aЛетчики в Великой Отечественной 1941-1945 гг. _jВоспоминания и записки _2psbo |
||
| 700 | 1 |
_aФедоров _bА. Г. _gАлексей Григорьевич |
|
| 801 | 0 |
_aRU _bNLR _gpsbo |
|
| 801 | 1 |
_aRU _bELAR _2rusmarc |
|
| 852 |
_aNLR _j65-3/4591 |
||
| 942 | _cBOOK | ||
| 980 | _aNB | ||